Prime aziende italiane per fatturato 2022 - Statistics

Statistiche generali
  • Questo quiz è stato fatto 55 volte
  • Il punteggio medio è 6 su 15
Statistiche sulle risposte
Posiz. Risposta Settore % Corretto
1 Enel Energia
98%
2 ENI Energia
90%
15 TIM Telecomunicazioni
79%
3 Generali Assicurazioni
65%
6 Intesa Sanpaolo Servizi finanziari
62%
11 Leonardo Difesa
54%
7 Unicredit Servizi finanziari
54%
9 Conad GDO
33%
4 Edison Energia
27%
5 A2A Multiservizi
23%
8 Hera Multiservizi
19%
14 Saras Petrolifero
6%
10 GSE Energia
0%
13 Kuwait Petroleum Italia Petrolifero
0%
12 Prysmian Manifatturiero
0%
Nessun quiz corrispondente trovato
Distribuzione punteggi
Percentuale di utenti per punteggio
Percentile per numero di risposta
I tuoi punteggi nel tempo
Non hai fatto questo quiz